000 00897nas a2200289 4500
001 BR8000683
003 BR-BrBNA
005 20231205084120.0
007 ta
008 230509b bl.|||p| |||| 00| 00por d
040 _aBR-BrBNA
_bpor
_cBiblioteca Nacional de Agricultura
041 _a(Pt)
072 _aM40
100 1 _aAguiar, L.W.
100 1 _aMartau, L.
245 1 _aDiatomaceas de lagos do Parque Zoologico, Rio Grande do Sul, Brasil
246 1 _a[Fresh water diatoms from lakes of the Zoological Park, Rio Grande do Sul, Brazil]
650 _aBiologia aquatica
650 _aAlga
650 _aEcologia aquatica
650 _aDiatomacea
650 _aLago
650 _aRio Grande do Sul
773 0 _tIheringia. Serie Botanica (Brazil)
_xISSN 0073-4705
_g(Oct 1979), (no. 25) p. 27-110
_wBR8000683
909 _a202311
_bLúcia
_c55
_dLúcia Elande
942 _2AGRIS
_n0
_cANA
999 _c103224
_d103224